Versenyjog és közbeszerzések joga

Elmentve itt :
Bibliográfiai részletek
Szerző: Herczeg Ágnes
Dokumentumtípus: Vegyes gyűjtemény
Megjelent: 2018
Tárgyszavak:
Online Access:http://eta.bibl.u-szeged.hu/1429
LEADER 00713npc a2200193 i 4500
001 eta1429
005 20190302122145.0
008 181204s2018 hu o 0|| hun d
040 |a SZTE Elektronikus Tananyag Archívum  |b hun 
041 |a hun 
100 1 |a Herczeg Ágnes 
245 1 0 |a Versenyjog és közbeszerzések joga  |h [elektronikus dokumentum] /  |c  Herczeg Ágnes 
246 1 0 |a Competition law and public procurement law  |h [elektronikus dokumentum] 
260 |c 2018 
650 4 |a Társadalomtudományok 
650 4 |a Jogtudomány 
650 4 |a Jog, kriminológia, büntetéstudomány 
650 4 |a Magánjog, közjog és szociális jog 
856 4 0 |u https://eta.bibl.u-szeged.hu/1429/1/jav%C3%ADtott.zip  |z Dokumentum-elérés